| 000 | 01580 a2200217 4500 | ||
|---|---|---|---|
| 003 | Nust | ||
| 005 | 20230819095823.0 | ||
| 010 | _a 81015576 | ||
| 020 | _a0534979637 : | ||
| 040 | _cNust | ||
| 082 | 0 | 0 | _a519.536,ALL |
| 100 | 1 |
_aAllen, David M., _9114195 |
|
| 245 | 1 | 0 |
_aAnalyzing experimental data by regression / _cDavid M. Allen, Foster B. Cady. |
| 260 |
_aBelmont, Calif. : _bLifetime Learning Publications, _cc1982. |
||
| 300 |
_axvi, 394 p. : _bill. ; _c24 cm. |
||
| 505 | _aStrategy of Data Analysis (Page-2), Data Link Between Research Objectives and Analysis (Page-8), Model Formulation and Inferences (Page-16), Fitting the Mean Model (Page-30), Fitting a Straight Line Model (Page-38), Analysis of Variance (Page-49), Computations for Multivariable Models (Page-56), Coping with Model Violations (Page-68), Case Study Dose Dependent Blood Pressure Data (Page-80), Interpreting Regression Coefficients in Two Variable Models (Page-90), Data Reduction by Regressions (Page-104), Generalizing Beyond the Data (Page-120), Comparison of Candidate Models (Page-134), Case Study Land Evaluation Data (Page-150), Analysis of Sample Means (Page-162), Model Selections with Many Explanatory Variables (Page-246), Coping with Large Standard Error and Unrealistic Estimates (Page-260), Split Experimental Units and Repeated Measures (Page-276), Nonlinear Models (Page-297), A Regression Program for Microcomputers (Page-310). | ||
| 650 | 0 |
_aExperimental design. _910527 |
|
| 650 | 0 | _aRegression analysis. | |
| 700 | 1 |
_aCady, Foster B., _d1931- _9114196 |
|
| 942 |
_2ddc _cBK |
||
| 999 |
_c181410 _d181410 |
||